Central Library OPAC University of Rajshahi

Commercial banks and goat development programmes / (Record no. 3685)

MARC details
000 -LEADER
fixed length control field 00751cam a2200241 a 4500
001 - CONTROL NUMBER
control field 3685
003 - CONTROL NUMBER IDENTIFIER
rucl marc code BD-RjUL
005 - DATE AND TIME OF LATEST TRANSACTION
control field 20211208233753.0
008 - FIXED-LENGTH DATA ELEMENTS--GENERAL INFORMATION
fixed length control field 131219s1982 ii b 000 0 eng d
035 ## - SYSTEM CONTROL NUMBER
System control number (BD-RjUL)3719
040 ## - CATALOGING SOURCE
Original cataloging agency DLC
Transcribing agency DLC
Modifying agency DLC
-- (BD-RjUL)
Language of cataloging eng
041 ## - LANGUAGE CODE
Language code of text/sound track or separate title eng
082 00 - DEWEY DECIMAL CLASSIFICATION NUMBER
Classification number 636.3900954
Edition number 19
Author mark and year LAC
100 1# - MAIN ENTRY--PERSONAL NAME
Personal name Lal, G. M. M.
Fuller form of name (G. Morley Mohan),
Dates associated with a name 1941-
9 (RLIN) 11709
245 10 - TITLE STATEMENT
Title Commercial banks and goat development programmes /
Statement of responsibility, etc. G.M.M. Lal.
260 ## - PUBLICATION, DISTRIBUTION, ETC. (IMPRINT)
Place of publication, distribution, etc. Bombay :
Name of publisher, distributor, etc. Himalaya Pub. House,
Date of publication, distribution, etc. 1982.
300 ## - PHYSICAL DESCRIPTION
Pagination v, 276 p. :
Illustrations ill. ;
Size 23 cm.
650 #0 - SUBJECT ADDED ENTRY--TOPICAL TERM
Topical term or geographic name as entry element Goat industry
Geographic subdivision India
General subdivision Finance.
9 (RLIN) 11710
Topical term or geographic name as entry element Goats
Geographic subdivision India.
9 (RLIN) 11711
Topical term or geographic name as entry element Agricultural credit
Geographic subdivision India.
9 (RLIN) 10057
942 ## - ADDED ENTRY ELEMENTS (KOHA)
Source of classification or shelving scheme Dewey Decimal Classification
Koha item type Books
Holdings
Lost status Source of classification or shelving scheme Damaged status Not for loan Collection code Permanent Location Current Location Shelving location Date acquired Source of acquisition Cost, normal purchase price Total Checkouts Full call number Date last seen Copy number Koha item type
  Dewey Decimal Classification     Non-fiction Central Library, University of Rajshahi Central Library, University of Rajshahi   21/01/1985 Tulip 80.00   636.3900954 LAC 1982 19/12/2013 C-3 Books
  Dewey Decimal Classification     Non-fiction Central Library, University of Rajshahi Central Library, University of Rajshahi   21/01/1985 Tulip Pub. 80.00   636.3900954 LAC 1982 25/06/2016 C-2 Books
  Dewey Decimal Classification     Non-fiction Central Library, University of Rajshahi Central Library, University of Rajshahi   21/01/1985 Tulip Pub. 80.00   636.3900954 LAC 1982 25/06/2016 C-4 Books
  Dewey Decimal Classification   Not For Loan Non-fiction Central Library, University of Rajshahi Central Library, University of Rajshahi Reading Room 21/01/1985 Tulip ent. 80.00   636.3900954 LAC 1982 19/12/2016 C-1 Books